000 00583nam a2200181Ia 4500
003 GCL
008 140319s9999 xx 000 0 ara d
040 _aGCL /
_cGCL
082 0 4 _a810.9
_bم م
100 1 _aمصطفى الجوزو
245 1 0 _aمصطفى صادق الرافعى رائد الرمزية العربية المطلة على السوريالية /
_cمصطفى الجوزو
300 _a379
490 _aكتاب
_v0
650 0 4 _aالشعر العربى
650 0 4 _aالادب العربى
650 0 4 _aمصطفى صادق الرافعى
942 _2ddc
_cBK
999 _c43150
_d43150